Freedom ride /

Bibliographic Details
Main Author: Peck, James
Format: Book
Language:English
Published: New York : Simon and Schuster, 1962.
Subjects:

MARC

Tag First Indicator Second Indicator Subfields
LEADER 00000cam a2200000 4500
001 in00000059712
005 20151008050518.0
008 740517s1962 nyu 00000 eng u
010 |a  62009609  
035 |a (OCoLC)00890013 
035 |9 AAG1497AM 
040 |c RRR  |d TXA  |d UtOrBLW 
049 |a TXAM  |c [345885] 
050 0 0 |a E185.61  |b .P43 
090 |a E185.61  |b .P415 1962 
092 |a 323.41  |b P366f 
100 1 |a Peck, James. 
245 1 0 |a Freedom ride /  |c James Peck. 
264 1 |a New York :  |b Simon and Schuster,  |c 1962. 
300 |a 160 pages ;  |c 21 cm. 
336 |a text  |b txt  |2 rdacontent 
337 |a unmediated  |b n  |2 rdamedia 
338 |a volume  |b nc  |2 rdacarrier 
650 0 |a African Americans  |x Segregation. 
650 0 |a Segregation  |z United States. 
999 |a MARS 
999 f f |s 15f10bb9-2e56-314b-8d93-9e8671ba0fae  |i b050e0bb-dc70-34e2-86ce-2439b541f731  |t 0 
952 f f |p ric  |a Texas A&M University  |b Rellis Campus  |c Joint Library Facility  |d Remote Storage  |t 0  |e E185.61 .P415 1962  |h Library of Congress classification  |i unmediated -- volume  |m A14800666489 
998 f f |a E185.61 .P415 1962  |t 0  |l Remote Storage